| 000 | 00854 a2200217 4500 | ||
|---|---|---|---|
| 003 | Nust | ||
| 005 | 20221017120313.0 | ||
| 010 | _a 86019751 | ||
| 020 | _a0827326629 | ||
| 040 | _cNust | ||
| 082 | 0 | 0 | _a600,GOE |
| 100 | 1 |
_aGoetsch, David L. _9100422 |
|
| 245 | 1 | 0 |
_aTechnology and you / _cDavid L. Goetsch, John A. Nelson. |
| 260 |
_aAlbany, N.Y. : _bDelmar Publishers, _cc1987. |
||
| 300 |
_axxiii, 456 p., [16] p. of plates : _bill. (some col.) ; _c24 cm. |
||
| 505 | _aPart 1: Overview Of Technology (Page-3), Part 2; The Physical Technologies (Page-79), Part 3: The Information Communication Technologies (Page-221), Part 4: The Biotechnologies (Page-317), Part 5: Issues And Outlooks In Technology (Page-687). | ||
| 650 | 0 |
_aIndustrial arts. _941644 |
|
| 650 | 0 | _aTechnology. | |
| 700 | 1 |
_aNelson, John A., _d1935- _981297 |
|
| 942 |
_2ddc _cBK |
||
| 999 |
_c183274 _d183274 |
||